00470nam a2200133 a 4500008004100000050001800041100001800059245013500077260005000212300001700262350000900279650001400288710003400302120416s1984 ||||||||||||||||| || u aTA 538.Z2 Sur aMulenga, S. P14aThe role of the surveying profession in the development of rural areas in Zambia: report of proceedingsccompiled by S. P. Mulenga aLusakab[Surveyors Institute of Zambia]c1984 a[iii], 141p. a0.00 0aSURVEYING aSurveyors Institute of Zambia